Biblioteca

El jardín de las delicias (Registro nro. 65987)

Detalles MARC
000 -LÍDER
Campo fijo de descripción fija 02164nam a2200325 i 4500
001 - NÚMERO DE CONTROL
Campo de control 768714001
003 - IDENTIFICADOR DEL NÚMERO DE CONTROL
Campo de control CO-MdFUSB
005 - FECHA Y HORA DE LA ULTIMA TRANSACCIÓN
control field 20221025091738.0
007 - CAMPO FIJO DE DESCRIPCIÓN FIJA--INFORMACIÓN GENERAL
Campo fijo de descripción fija ta
008 - ELEMENTOS DE LONGITUD FIJA -- INFORMACIÓN GENERAL
Campo fijo de descripción fija -- Información general 200602t2005 ck a|||| |||| 00| 0 spa d
020 ## - NÚMERO INTERNACIONAL NORMALIZADO PARA LIBROS
Número Internacional Normalizado del libro 9789584213808
040 ## - FUENTE DE CATALOGACIÓN
Agencia de catalogación original CO-MdFUSB
Idioma de catalogación spa
Agencia que realiza la transcripción CO-MdFUSB
Agencia que realiza la modificación CO-MdFUSBC
Convenciones de la descripción rda
041 ## - CÓDIGO DE IDIOMA
Código de idioma para texto/pista de sonido o título separado spa
082 ## - NÚMERO DE CLASIFICACIÓN DECIMAL DEWEY
Número de la edición del Dewey 23
Número de clasificación 863.64
Clave de autor-Numero de item C268
100 ## - ASIENTO PRINCIPAL--NOMBRE PERSONAL
Nombre personal Cardona Grisales, Guillermo,
Término relacionador autor
245 #3 - TÍTULO
Título del Material El jardín de las delicias
Mención de responsabilidad, etc. / Guillermo Cardona
264 #1 - PRODUCCIÓN, PUBLICACIÓN, DISTRIBUCIÓN, MANUFACTURA, Y COPYRIGHT
Lugar de producción, publicación, distribución, manufactura Bogotá :
Nombre del productor, publicador, distribuidor Planeta,
Fecha de producción, publicación, distribución, manufactura, o copyright [2005]
264 #4 - PRODUCCIÓN, PUBLICACIÓN, DISTRIBUCIÓN, MANUFACTURA, Y COPYRIGHT
Fecha de producción, publicación, distribución, manufactura, o copyright ©2005.
300 ## - DESCRIPCIÓN FÍSICA
Extensión 183 páginas
Dimensiones ; 22 cm
336 ## - TIPO DE CONTENIDO
Fuente rdacontent
Término de tipo de contenido texto
Código de tipo de contenido txt
337 ## - TIPO DE MEDIO
Fuente rdamedia
Nombre del tipo de medio sin mediación
Código del tipo de medio n
338 ## - TIPO DE SOPORTE
Fuente rdacarrier
Nombre del tipo de soporte volumen
Código Tipo de soporte nc
490 ## - MENCIÓN DE SERIE
Mención de serie Seix Barral
500 ## - NOTA GENERAL
Nota General Premio Nacional de Literatura a Novela Inédita, 2005.
520 ## - NOTA DE RESUMEN, ETC.
Nota de sumario, etc. Esta novela acaba de obtener el Premio Nacional de Literatura a Novela Inédita 2005 del Ministerio de Cultura de Colombia, otorgado por unanimidad por un jurado que integraron los novelistas Héctor Abad Faciolince y Santiago Gamboa, y el catedrático Hernán Botero Restrepo.<br/><br/>El jurado dijo en su veredicto: «El Jardín de las Delicias es una novela que recrea desde el punto de vista fantástico, casi onírico, un episodio fundamental de la historia de Colombia [el 9 de abril]. Escrita con un ritmo trepidante, a veces humorístico, a veces al borde del delirio; combina dos realidades, una sórdida y cotidiana, y otra impregnada de fastuosidad celestial. Con una dosificación sabia de la información se llega a un desenlace sorpresivo, casi alucinante, y sin embargo convincente.<br/><br/>»El libro es también una aguda exploración en el mundo de la credulidad popular, en materia religiosa y esotérica, y aunque se desarrolla en una Bogotá a finales de la década del cuarenta, tiene repercusiones con el mundo contemporáneo. Los diálogos […] tienen la virtud de hacer verosímiles y vívidos a los personajes principales. No vemos precedentes en la literatura colombiana de esta curiosa combinación entre historia y ficción.
563 ## - NOTA DE ENCUADERNACIÓN
Nota de encuadernación Rústico
650 #7 - ASIENTO SECUNDARIO DE MATERIA - TERMINO TEMÁTICO
9 (RLIN) 2518
Término temático o nombre geográfico como elemento de entrada Literatura colombiana
Fuente del encabezamiento o término embne
942 ## - TIPO DE MATERIAL (KOHA)
Tipo de Item KOHA Libros General
945 ## - INFORMACIÓN LOCAL DEL REGISTRO
Catalogador JTF-925
Existencias
Estado de Material Estado de Perdido Forma de Clasificación Estado de Dañado No para Préstamo Colección Biblioteca de Origen Biblioteca Permanente Fecha de Adquisición Forma de Adquisición Área Total de Préstamos Signatura Topográfica Código de Barras Última vez visto Ejemplar/Existencia Fecha de Remplazo Tipo de Material
    Dewey Decimal Classification     Colección General Biblioteca FUSBC Biblioteca FUSBC 02/06/2020 Donación Atiencia BIBLIA   G 863.64 C268j 3416 02/06/2020 Ej.1 02/06/2020 Libros General

Biblioteca FUSBC | Teléfono: (57+4) 349 88 10 Ext. 141| WhatsApp (+57) 3005338115 
E-mail: biblioteca@unisbc.edu.co | Calle 76 87-14 Robledo Palenque, Medellín, Colombia

Con tecnología Koha